00454 a2200157 450000500170000001000130001702000230003003500130005303700160006608200140008210000300009624500590012626000490018527000400023430000220027420240516105324.0 aB-759035 a8170249899c700.00 aB-759035 bGift/Unesco a362.83082 aTripathy, Prabhat Chandra aCrime Against Working Women/cPrabhat Chandra Tripathy aNew DelhibAPH Publishing Corporationc1998 a5, Ansari Road DaryaganjbNew Delhi a391 p.c23cm (Hb)